Cisco IOS switching services / (Record no. 7296)
[ view plain ]
| 000 -LEADER | |
|---|---|
| fixed length control field | 00671cam a2200193 a 4500 |
| 020 ## - INTERNATIONAL STANDARD BOOK NUMBER | |
| ISBN | 1578700531 (pbk.) |
| 020 ## - INTERNATIONAL STANDARD BOOK NUMBER | |
| ISBN | 9781578700530 |
| 050 00 - CALL NUMBER | |
| Classification number | TK5105.7 |
| Item number | .C492 |
| 245 00 - TITLE | |
| Title | Cisco IOS switching services / |
| Statement of responsibility, etc | Cisco Systems, Inc. |
| 260 ## - PUBLICATION INFORMATION | |
| Place of publication | Indianapolis, IN : |
| Name of publisher | Macmillan Technical Pub., |
| Year of publication | c1998. |
| 300 ## - DESCRIPTION | |
| Number of Pages | x, 228 p. : |
| Other physical details | ill. ; |
| Dimensions | 24 cm. |
| 440 #0 - SERIES | |
| SERIES | Cisco IOS reference library |
| 500 ## - NOTES | |
| General note | Includes index. |
| 505 ## - FORMATTED CONTENTS NOTE | |
| Table of Content | Pt. I. Cisco IOS Switching Paths<br/>PT. II. NetFlow Switching<br/>PT. III. Virtual LANs |
| 650 #0 - SUBJECTS | |
| Topical Term | Local area networks (Computer networks) |
| 650 #0 - SUBJECTS | |
| Topical Term | Packet switching (Data transmission) |
| 710 2# - OTHER AUTHORS | |
| OTHER AUTHORS | Cisco Systems, Inc. |
| 942 ## - ADDED ENTRY ELEMENTS (KOHA) | |
| Koha item type | Books |
| Withdrawn status | Lost status | Collection code | Home library | Current library | Shelving location | Date acquired | Full call number | Accession Number | Koha item type |
|---|---|---|---|---|---|---|---|---|---|
| Reference | Methodist University Library Main | Methodist University Library Main | General Stacks | 20/02/2017 | TK5105.7 .C492 | 4527 | Books |